000 00603nam a2200217Ia 4500
005 20241216011139.0
008 190212s9999||||xx |||||||||||||| ||und||
082 _a657
_bH93
100 _aHUMMEL, SIEGFRIED Y OTROS
245 0 _aPOLITICA DE COSTES Y CONTABILIDAD DE COSTES
_bFUNDAMENTOS DE LA CONTABILIDAD DE COSTES
250 _a0
260 _c1984
300 _a0 pag
_c0 cm
341 _h0
490 _v0
_a0
505 _aPOLITICA/OBJETO/CONTABILIDAD POR CLASES DE COSTES
541 _d14-May-04
_oSoles
650 _aCIENCIAS APLICADAS
856 _zCiencias Aplicadas
942 _cLIBRO
999 _c33936
_d33936